书目信息 |
| 题名: |
白色生物技术
|
|
| 作者: | 乌尔伯 , 塞尔 主编 ;李爽 , 杨博 译 | |
| 分册: | ||
| 出版信息: | 北京 科学出版社 2009.04 |
|
| 页数: | 212页 | |
| 开本: | 26cm | |
| 丛书名: | 应用生物技术大系 | |
| 单 册: | ||
| 中图分类: | Q819 | |
| 科图分类: | ||
| 主题词: | 生物技术--sheng wu ji shu--应用 | |
| 电子资源: | ||
| ISBN: | 978-7-03-023820-7 | |
| 000 | 01207nam 2200313 450 | |
| 001 | 012009283121 | |
| 005 | 20091128135956.45 | |
| 010 | @a978-7-03-023820-7@dCNY65.00 | |
| 100 | @a20091128d2009 em y0chiy0120 ea | |
| 101 | 0 | @achi@cger |
| 102 | @aCN@b110000 | |
| 105 | @aak a 000yy | |
| 106 | @ar | |
| 200 | 1 | @a白色生物技术@Abai se sheng wu ji shu@d= White biotechnology@f(德) R. 乌尔伯, D. 塞尔主编@F(de)R.wu er bo,D.sai er zhu bian@g李爽, 杨博译@Gli shuang,yang bo yi |
| 210 | @a北京@c科学出版社@d2009.04 | |
| 215 | @a212页@c图@d26cm | |
| 225 | 2 | @a应用生物技术大系@Aying yong sheng wu ji shu da xi |
| 320 | @a有书目 | |
| 330 | @a本书首先对白色生物技术相关的各类碳水化合物、油脂类及其他类型的原料从来源到应用进行了介绍,之后对近年来生物技术中的热点“高通量筛选”相关技术进行了简要的回顾和讨论。 | |
| 410 | 0 | @12001 @a应用生物技术大系 |
| 500 | 10 | @aWhite biotechnology@mChinese |
| 606 | 0 | @a生物技术@Asheng wu ji shu@x应用 |
| 690 | @aQ819@v4 | |
| 701 | 1 | @a乌尔伯@Awu er bo@g(Ulber, Roland)@4主编 |
| 701 | 1 | @a塞尔@Asai er@g(Sell, Dieter)@4主编 |
| 702 | 0 | @a李爽@Ali shuang@4译 |
| 702 | 0 | @a杨博@Ayang bo@4译 |
| 801 | 0 | @aCN@bQSSK@c20091128 |
| 905 | @b767243-44@dQ819@eW710@f2 | |
| 白色生物技术= White biotechnology/(德) R. 乌尔伯, D. 塞尔主编/李爽, 杨博译.-北京:科学出版社,2009.04 |
| 212页:图;26cm.-(应用生物技术大系) |
| ISBN 978-7-03-023820-7:CNY65.00 |
| 本书首先对白色生物技术相关的各类碳水化合物、油脂类及其他类型的原料从来源到应用进行了介绍,之后对近年来生物技术中的热点“高通量筛选”相关技术进行了简要的回顾和讨论。 |
| ● |
| 相关链接 |
|
|
|
正题名:白色生物技术
索取号:Q819/W710
 
预约/预借
| 序号 | 登录号 | 条形码 | 馆藏地/架位号 | 状态 | 备注 |
| 1 | 767243 | 207672437 | 自科库401/401自科库 31排2列5层/ [索取号:Q819/W710] | 在馆 | |
| 2 | 767244 | 207672446 | 自科库401/401自科库 32排4列5层/ [索取号:Q819/W710] | 在馆 |